000 00606nam a2200241Ia 4500
003 OSt
005 20221005131006.0
006 a|||||r|||| 00| 0
007 ta
008 221004b |||||||| |||| 00| 0 eng d
024 _a31537
037 _cTextual
040 _aCRL
_cCRL
_beng
041 _2eng
_aeng
082 _aMV40A, H8
100 _aGrowther J. G.
_9347612
245 0 _aScience at war
260 _c1948
650 _aINDUSTRIAL ARTS
700 _a Whiddington R.
_9638975
942 _hMV40A, H8
_cTEXL
_2cc
999 _c1059038
_d1059038